| 000 | 00342nam a22001337a 4500 | ||
|---|---|---|---|
| 003 | OSt | ||
| 005 | 20160727222457.0 | ||
| 008 | 160705b xxu||||| |||| 00| 0 eng d | ||
| 100 |
_92195 _a Sayre, L.C |
||
| 245 | _aThis Rocket Called Freedom | ||
| 260 |
_aN.Y _b Friendship Press _c1964 |
||
| 300 | _aThis Rocket Called Freedom | ||
| 942 |
_2ddc _cBK |
||
| 999 |
_c1886 _d1886 |
||